000 00177nam a22000617a 4500
999 _c23968
_d23968
003 Nust
005 20170622112332.0
008 140429b xxu||||| |||| 00| 0 eng d
020 _a978-3-642-82867-6
040 _aDLC
_bDLC
_cRCMS
050 _a005.82 RUE
082 _a005.82 RUE
100 _aRainer A Rueppel
_93076
245 _aAnalysis and design of Stream Ciphers
_cRainer A Rueppel
260 _aUSA
_bSpringer
300 _axii,266,p:
_bill:
_c26,cm.
538 _iShelf # 09, Row # 2, History & Digital Design.
650 _aCommunication and Control Engineering
_93077
856 _3Table of Content Only
942 _2ddc
_cBK
_h005.82 RUE